000
00265nam a22001217a 4500
008
180215b xxu||||| |||| 00| 0 eng d
041
_a
eng
080
_a
54
100
_a
12
101
_a
KIM
245
_a
Dictionary of organic compounds
_c
Chlor
942
_2
udc
_c
BK
999
_c
42708
_d
42708